000 00295nam a2200145Ia 4500
100 _aGosselin
650 _aJava
942 _cBK
654 _ajava
245 _aJAVAScript
260 _bCengage Learning
_aMumbai
_c2008
082 _a005.133J/GOS
_bGOS
300 _a525
546 _aENGLISH
999 _c30369
_d30369